000 00421nam a2200193Ia 4500
008 101110s9999 xx 000 0 und d
041 _aENGLISH
082 _bSR8634
_a657.42
100 _aPatkar M.G.
245 _aCost Accounts
365 _b8
520 _aCommerce
546 _aENGLISH
630 _aCost Accounts
650 _aCommerce
655 _aCommerce
730 _aCost Accounts
942 _cBOOK
999 _c803930
_d803927